000 00426cam a2200181ua 4500
020 _c2.00
041 _ahin
_h
082 _a891.54
_bSOH/PO
100 _aSohanlal, Divedi .
245 _aPooja geet /
_cSohan lal divedi.
_hTextual Documents
250 _a1 /
_b.
260 _aAllahabad :
_bIndian Press Ltd ,
_c1959.
300 _a113 ; .
365 _a2.00
504 _a
942 _cBK
999 _c4084
_d4084